000 00936cab a2200229 4500
001 X3583
008 090401t1996 xxu||||| |||| 00| 0 eng d
035 _a(Sirsi) u31297
041 _aeng
245 _aNewbury DC v Newbury and District model Aircraft Soceity
260 _c1996
350 _a0
490 _aPlanning Appeal Decisions
_v1996 11 PAD 461-466(6)
520 _aOperation and flying of model aircraft. Disused airfield. Structure andnd Local Plans. Future use of airfield. Rights of common. Nature consevation interests. SSSI. Existing use with temporary and limited planning consent. Renewal sought. Disputed noise levels. Whether application premature. Precedent. (ABSTRACT FROM JOURNAL))
650 _aAIRFIELD
650 _aFIGHTS OF COMMON
650 _aNOISE LEVELS
650 _aSITES OF SPECIAL SCIENTIFIC INTEREST
690 _aPLANNING LAW AND PRACTICE-CASE LAW
942 _n0
948 _c04/03/1997
999 _c21021
_d21021